000 00608nam a22002177b 4500
003 3228
005 20260401140158.0
008 240530b sa ||||j |||| 00| 1 AFR d
020 _a9780798148467 (paperback)
040 _aMPL
_c3228
_beng
_erda
041 _aAfrikaans
082 _aATF MARE
100 _a Maree, Kobus
_986625
_eauthor
245 _aJakkkalsvoël /
_cKobus Maree
260 _aKaapstad :
_bHuman & Rousseau ,
_c©2007,
_c2007.
300 _a149 Pages :
_c21 cm
521 _aJunior
655 0 _9188476
_aYouth Fiction
655 0 _9188670
_aHuman Relations Fiction
942 _2ddc
_cBK
_y296
_zPhillipina Naude
999 _c764272
_d764271